| 000 | 00408nam a2200157 a 4500 | ||
|---|---|---|---|
| 005 | 20140310183208.0 | ||
| 008 | 030207s19uu xx 00 eng d | ||
| 050 |
_aPS 3552 _b.B959 1994 |
||
| 100 | _aBurke, James Lee | ||
| 245 |
_aDixie city jam / _cJames Lee Burke. |
||
| 260 |
_aGreat Britain : _bOrion, _c1994. |
||
| 300 |
_a367 p. : _c18 cm. |
||
| 650 | _aFiction | ||
| 942 |
_cBK _2lcc |
||
| 999 |
_c20063 _d20063 |
||